¿Qué país es más grande? - Estadísticas

Estadísticas generales
  • Esta prueba ha sido intentada 77 veces
  • La puntuación promedio es 4 de 15
Estadísticas de respuestas
Pregunta Respuesta % Correcto
¿Qué país es más grande? Indonesia
54%
¿Qué país es más grande? Iran
46%
¿Qué país es más grande? Namibia
38%
¿Qué país es más grande? Papua Nueva Guinea
38%
¿Qué país es más grande? Croacia
33%
¿Qué país es más grande? Malasia
33%
¿Qué país es más grande? Honduras
29%
¿Qué país es más grande? Panamá
29%
¿Qué país es más grande? Kazajistan
25%
¿Qué país es más grande? Turquia
25%
¿Qué país es más grande? España
21%
¿Qué país es más grande? Laos
17%
¿Qué país es más grande? Paraguay
17%
¿Qué país es más grande? Timor Oriental
17%
¿Qué país es más grande? Guinea
13%
No se encontraron pruebas coincidentes
Distribución de puntuación
Porcentaje de gente con cada puntuación
Porcentaje por número respondido
Historial de tus puntuaciones
No has intentado esta prueba.